Transakcie s podnikmi a ich vplyv na hodnotu podniku diplomová práca

Guardado en:
Detalles Bibliográficos
Autor principal: Kovaľová, Martina
Autor Corporativo: Fakulta podnikového manažmentu EU. Katedra podnikovohospodárska
Otros Autores: Fabian, Peter
Formato: Libro
Lenguaje:eslovaco
Publicado: Bratislava 2012
Etiquetas: Agregar Etiqueta
Sin Etiquetas, Sea el primero en etiquetar este registro!

MARC

LEADER 00000nbm a2200000 4500
001 0152413
005 20161109102035.4
041 0 |a slo 
044 |a SK 
245 1 0 |a Transakcie s podnikmi a ich vplyv na hodnotu podniku  |b diplomová práca  |c Martina Kovaľová ; školiteľ: Peter Fabian 
264 1 |a Bratislava  |c 2012 
300 |a 73 s. 
100 1 |a Kovaľová, Martina 
700 1 |a Fabian, Peter 
710 2 |a Fakulta podnikového manažmentu EU. Katedra podnikovohospodárska